Enigme One Piece #5 - Statistiques

Statistiques générales
  • Ce quiz a été pris 1 763 fois
  • Le résultat moyen est 38 sur 51
Statistiques - réponses
nom indice réponse % Correct
Y Y a des bosses quand il est frappé par 14 ou 25 Luffy
97%
14 14 a une arme a construite par 22 Nami
97%
T T a eu le torse tranché par Q Zoro
96%
11 11 ne s'entend pas avec T, adore 14 et J Sanji
94%
19 19 est le premier possesseur de W Roger
93%
7 7 a été blessé au visage par D Shanks
93%
D D est le capitaine de 2 Teach
92%
J J est sous les ordre de V puis de Y Robin
91%
6 6 est le fils de 19 et S Ace
90%
S S était le grand rival de 19, Considérait Z comme son frère Barbe blanche
89%
17 17 est la créatrice de 4, a été dans le même équipage que S Big Mom
89%
Q Q est le maître et l'objectif de T Mihawk
89%
8 8 a pris le fruit que 2 voulait Sabo
88%
22 22 est le fils d'un membre de l'équipage de 7 Usopp
88%
V V a été chef de J, a vaincu 2 fois Y Crocodile
87%
20 20 est le capitaine de 12 Kaido
87%
X X est l'ami de N et disciple de R Franky
86%
3 3 a été sous les ordres de 9, puis il l'a combattu aux côtés de Y Law
86%
9 9 a fait une production pour 20, A tué le mentor de 3 Doflamingo
85%
25 25 a menacé de tuer L, a formé B Garp
85%
24 24 est le chef de E et 8 Dragon
84%
L L est le supérieur de B, s'est battu avec P Akainu
83%
P P est le sauveur de J, a rejoint D Aokiji
83%
1 1 est actuellement sous la coupe de V et Q Baggy
82%
W W est le nom de l'équipage dont fait partie T Chapeau de paille
79%
18 18 est supérieur de O, déjà été stoppé par 24 Smoker
77%
I I a été battu par 7, mais a vaincu 17 aux côtés de 3 Kidd
76%
23 23 est morte jeune, amie d'enfance de T Kuina
76%
K K a été construit par X Sunny
75%
O O ressemble à 23 Tashigi
74%
E E détient un secret sur V Ivankov
73%
R R est le maître de N et X, même race que C Tom
73%
13 13 est père spirituel de 11 Zeff
72%
4 4 a trahi 17 pour servir 14 Zeus
72%
B B a brièvement été le navigateur de Y Koby
70%
Z Z est le premier maître de 5 Oden
69%
A A est la première à avoir navigué sur grand line avec l'équipage dont fait partie 11 Vivi
68%
F F est dans un tonneau du K Caribou
65%
C C est une peureuse que F a tenté de capturer Shirahoshi
65%
M M a été battu à cause de la coupe de cheveux spéciale de Y Foxy
64%
2 2 aurait voulu le fruit de 6 Burgess
63%
21 21 est un roi abject dégommé par Y Wapol
63%
10 10 déteste 9, est aux ordre de L, aimerait voir Y Fujitora
61%
N N a failli être tué par J, ami de X Icebarg
56%
15 15 est bien plus doué que X, censé être aux ordres de L mais a un lien avec 24 Vegapunk
54%
5 5 a été découpé par 3 Kinemon
53%
U U est terrorisé par 17 parce qu'il lui a menti pour de l'argent César
51%
16 16 a un point commun avec 22 Kaku
51%
G G est un ami d'Y qu'il a sauvé 2 fois Est le total opposé de 11 Bon Clay
49%
12 17 voudrait avoir 12 dans son équipage King
48%
H H était l'ennemi de T puis est devenu ami avec les W Octy
22%
Aucun quiz correspondant
Distribution des résultats
% des personnes avec chaque résultat
Percentile par nombre de réponses
Votre historique - résultats
Vous n’avez pas pris ce quiz